Farmers, markets and contracts: chain intragration of smallholder producers in Costa Rica /

Guardado en:
书目详细资料
主要作者: Ruben, Ruerd
其他作者: Sáenz, Fernando
格式: Texto
标签: 添加标签
没有标签, 成为第一个标记此记录!

MARC

LEADER 00000 a a2200000 04500
001 16300
003
040
100 |a Ruben, Ruerd  
245 |a Farmers, markets and contracts:   |b chain intragration of smallholder producers in Costa Rica /  |c Ruerd Ruben ; Fernando Sáenz 
700 |a Sáenz, Fernando  
773 |g número 85; páginas 61-80  
999 |c 33500  |d 33500